| 000 | 02010 a2200385 4500 | ||
|---|---|---|---|
| 001 | 22844079 | ||
| 003 | 0000 | ||
| 005 | 20251110115629.0 | ||
| 008 | 221027s2023 flu 000 0 eng | ||
| 010 | _a 2022948966 | ||
| 020 | _a9781032434223 | ||
| 035 | _a22844079 | ||
| 040 |
_aDLC _beng _erda _cDLC |
||
| 042 | _apcc | ||
| 050 | _aTK 2896 .E54 | ||
| 100 | _aTran, Ngoc Thanh Thuy (editor) | ||
| 245 | 0 | 0 |
_aEnergy storage and conversion materials : _bproperties, methods, and applications / _cNgoc Thanh Thuy Tran, Jeng-Shiung Jan, Wen-Dung Hsu, Ming-Fa Lin, Jow-Lay Huang. |
| 264 | 1 |
_aBoca Raton : _bCRC Press, _c2023. |
|
| 300 | _axvii, 339p. ill. | ||
| 336 |
_atext _btxt _2rdacontent |
||
| 337 |
_aunmediated _bn _2rdamedia |
||
| 338 |
_avolume _bnc _2rdacarrier |
||
| 504 | _aIncludes bibliographical references and index | ||
| 520 |
_a"This book explores the fundamental properties of a wide range of energy storage and conversion materials, covering mainstream theoretical and experimental studies and their applications in green energy. It investigates physical, chemical, and material properties of rechargeable batteries, supercapacitors, solar cells, and fuel cells, covering the development of theoretical simulations, machine learning, high-resolution experimental measurements, and excellent device performance. The work is appropriate for senior graduate students and researchers in materials, chemical, and energy engineering and related disciplines"-- _cProvided by publisher. |
||
| 650 |
_2Batteries. _aFuel cells. _v _x Storage batteries. |
||
| 651 |
_2Electrochemical energy conversion. _vElectric batteries. |
||
| 700 | 1 |
_aTran, Ngoc Thanh Thuy, _eeditor. |
|
| 700 | 1 |
_aJan, Jeng-Shiung, _eeditor. |
|
| 700 | 1 |
_aHsu, Wen-Dung, _eeditor. |
|
| 700 | 1 |
_aLin, Ming-Fa, _eeditor. |
|
| 700 | 1 |
_aHuang, Jow-Lay, _eeditor. |
|
| 906 |
_a0 _bibc _corignew _d2 _eepcn _f20 _gy-gencatlg |
||
| 942 |
_2lcc _cBK |
||
| 999 |
_c43982 _d43982 |
||